000 00697cab a22001935a 4500
001 L136939
008 070305e2007 xxk 000 0 eng d
035 _a(Sirsi) u136939
041 0 _aeng
100 1 _aPearman, Hugh
245 _aValley of the dolls
260 _c2007
490 _aRIBA Journal
_v114(3) March 2007, 42-48(7)
520 _aReports on the design, architecture and costing of the Light House, a residential property in Belper, Derbyshire. Contains brief building costs, layout plans and specifications. The total cost (excluding external areas) was £834 000.
590 _aKA
651 4 _aUnited Kingdom
_y
690 _aBUILT ENVIRONMENT-BUILDING COSTS
942 _n0
999 _c78499
_d78499